| 000 | 00873 a2200265 4500 | ||
|---|---|---|---|
| 005 | 20260416120457.0 | ||
| 008 | 260416b |||||||| |||| 00| 0 eng d | ||
| 020 | _a9781440878695 (pbk) | ||
| 037 | _cTB | ||
| 040 |
_aCRL _cCRL |
||
| 041 |
_2eng _aeng |
||
| 084 |
_a2:2 R4 _qCRL |
||
| 100 |
_aGreenwell, Stacey _9859955 |
||
| 245 | _aLibrary programs and services: the fundamentals | ||
| 250 | _a9th Ed. | ||
| 260 |
_bBloomsbury Libraries Unlimited, _c2024. _aNew York, USA; |
||
| 300 | _axvi, 340p. | ||
| 365 |
_b6766.65 _cINR |
||
| 490 | _aLibrary and Information Science text series | ||
| 650 |
_aFundamental Service _91234953 |
||
| 650 | _aLibrary Science | ||
| 700 |
_aEvans, G. Edward _eauthor. |
||
| 942 |
_cTB _2CC _h2:2 R4 _e9th Ed. |
||
| 999 |
_c1466539 _d1466539 |
||